Photolytic debromination of decabromodiphenyl ether (BDE 209) /
Tallennettuna:
| Muut tekijät: | , , , |
|---|---|
| Aineistotyyppi: | Artikkeli |
| Kieli: | English |
| Aiheet: | |
| Tagit: |
Lisää tagi
Ei tageja, Lisää ensimmäinen tagi!
|
| Thư viện lưu trữ: | Thư viện Trường Đại học Đà Lạt |
|---|
| LEADER | 01032nam a2200349 4500 | ||
|---|---|---|---|
| 001 | DLU090094295 | ||
| 005 | ##20091201 | ||
| 040 | # | # | |a DLU |b eng |
| 041 | # | # | |a eng |
| 044 | # | # | |a us |
| 245 | # | # | |a Photolytic debromination of decabromodiphenyl ether (BDE 209) / |c Gunilla Soderstrom ... [et al.]. |
| 653 | # | # | |a Chemical reaction kinetics |
| 653 | # | # | |a Debromination |
| 653 | # | # | |a Ether |
| 653 | # | # | |a Organic compounds |
| 653 | # | # | |a Persistence |
| 653 | # | # | |a Solar radiation |
| 653 | # | # | |a Ultraviolet radiation |
| 700 | # | # | |a Sellstrom, Ulla. |
| 700 | # | # | |a Soderstrom, Gunilla. |
| 700 | # | # | |a Tysklind, Mats. |
| 700 | # | # | |a Wit, Cynthia A. de. |
| 773 | # | # | |t Environmental Science & Technology |g Vol. 38, no. 1 (January 2004), p. 127-132 |
| 920 | # | # | |a Phòng Tạp chí -- Trung tâm Thông tin - Thư viện Trường Đại học Đà Lạt |
| 994 | # | # | |a DLU |
| 900 | # | # | |a True |
| 911 | # | # | |a Trương Bảo Trâm Anh |
| 925 | # | # | |a G |
| 926 | # | # | |a A |
| 927 | # | # | |a BB |
| 980 | # | # | |a Thư viện Trường Đại học Đà Lạt |